The Lion graphic bible (Record no. 18156)
[ view plain ]
| 000 -LEADER | |
|---|---|
| fixed length control field | 00617nam a22001937a 4500 |
| 008 - FIXED-LENGTH DATA ELEMENTS--GENERAL INFORMATION | |
| fixed length control field | 200123b xxu||||| |||| 00| 0 eng d |
| 020 ## - INTERNATIONAL STANDARD BOOK NUMBER | |
| International Standard Book Number | 0745945988 |
| 040 ## - CATALOGING SOURCE | |
| Original cataloging agency | KABU |
| Transcribing agency | KABU |
| 050 ## - LIBRARY OF CONGRESS CALL NUMBER | |
| Classification number | BS550 |
| Item number | .A53 2001 c. 1 |
| 100 ## - MAIN ENTRY--PERSONAL NAME | |
| Personal name | Anderson, Jeff |
| 245 ## - TITLE STATEMENT | |
| Title | The Lion graphic bible |
| Statement of responsibility, etc. | illustrations by Jeff Anderson, script by Mike Maddox, lettering by Steve Harrison |
| 260 ## - PUBLICATION, DISTRIBUTION, ETC. (IMPRINT) | |
| Place of publication, distribution, etc. | Oxford, England |
| Name of publisher, distributor, etc. | Lion Publishing |
| Date of publication, distribution, etc. | 2001 |
| 300 ## - PHYSICAL DESCRIPTION | |
| Extent | 256 p. |
| 650 ## - SUBJECT ADDED ENTRY--TOPICAL TERM | |
| Topical term or geographic name as entry element | Bible |
| General subdivision | Geography |
| 650 ## - SUBJECT ADDED ENTRY--TOPICAL TERM | |
| Topical term or geographic name as entry element | Bible |
| General subdivision | History of biblical events |
| 700 ## - ADDED ENTRY--PERSONAL NAME | |
| Personal name | Maddox, Jeff |
| 700 ## - ADDED ENTRY--PERSONAL NAME | |
| Personal name | Harrison, Steve |
| 942 ## - ADDED ENTRY ELEMENTS (KOHA) | |
| Source of classification or shelving scheme | Library of Congress Classification |
| Koha item type | General Collection |
| Classification part | BS550 |
| Withdrawn status | Lost status | Source of classification or shelving scheme | Not for loan | Home library | Current library | Date acquired | Total Checkouts | Full call number | Barcode | Date last seen | Copy number | Price effective from | Koha item type |
|---|---|---|---|---|---|---|---|---|---|---|---|---|---|
| Library of Congress Classification | Kabarak, Main Campus | Kabarak, Main Campus | 23/01/2020 | BS550 .A53 2001 c. 1 | 022524 | 23/01/2020 | c. 1 | 23/01/2020 | General Collection |